000 00258nam a2200097Ia 4500
001 1252876
005 20251031150943.0
008 251031s9999 xx 000 0 und d
245 0 _cİSMET KARABABA
_aBAY FAIR PALAY
260 _bSELÇUKLU BELEDİYESİ YAYINLARI
999 _c1252876
_d1252876